| 000 | 00942 a2200313 4500 | ||
|---|---|---|---|
| 001 | 77661 | ||
| 003 | TR-AnTOB | ||
| 005 | 20241119115428.0 | ||
| 008 | 100818s1997 tu 000 0 | ||
| 040 |
_aTR-AnTOB _cTR-AnTOB |
||
| 041 | _atur | ||
| 050 | 1 | 4 |
_aPL248.E55 _bU48 1997 |
| 090 | _aPL248.E55 U48 1997 | ||
| 100 | 0 |
_aEmircan, Mehmet S. _962628 |
|
| 245 | 0 |
_aUlusal varoluş mücadelemiz : _bşiirler / _cMehmet S. Emircan. |
|
| 264 | 1 |
_aLefkoşa : _bKıbrıs Türk Mücahitler Derneği, _c1997. |
|
| 300 |
_a61s.; _c19 cm. |
||
| 336 |
_2rdacontent _atext _btxt |
||
| 337 |
_2rdamedia _aunmediated _bn |
||
| 338 |
_2rdacarrier _avolume _bnc |
||
| 490 | 0 |
_aKıbrıs Türk Mücahitler Derneği Yayını ; _v3 - 4 |
|
| 590 | _aSayın Metin Çetin tarafından bağışlanmıştır. | ||
| 650 | 7 |
_aTürk şiiri _2etuturkob _984273 |
|
| 902 | _a29248 | ||
| 903 | _aMerkez Kütüphane | ||
| 942 |
_cBK _2lcc |
||
| 945 | _ago | ||
| 999 |
_c77661 _d25436 |
||